| 000 | 00912nmm a2200325 a 4500 | ||
|---|---|---|---|
| 003 | AR-BaBNM | ||
| 005 | 20251128204543.0 | ||
| 008 | 287019s1993 ||||||||||||||000 | spa|| | ||
| 020 | _a950-556-301-5 | ||
| 040 | _cAR-BaBNM | ||
| 100 | 1 | _aChaneton, Juan Carlos | |
| 245 | 1 | 0 |
_aZainuco _blos precursores de la Patagonia trágica |
| 260 |
_aBuenos Aires _bGalerna _c1993 |
||
| 300 |
_a233 p. _bláms. |
||
| 500 | _aContiene referencias bibliográficas en p. 236 | ||
| 650 | 4 | _aLITERATURA ARGENTINA | |
| 650 | 4 | _aHISTORIA ARGENTINA | |
| 650 | 4 | _aTESTIMONIOS | |
| 650 | 4 | _aPERIODISMO | |
| 650 | 4 | _aDERECHOS HUMANOS | |
| 650 | 4 | _aHISTORIA SINDICAL | |
| 650 | 4 | _aHISTORIA POLITICA ARGENTINA | |
| 650 | 4 | _aINMIGRACION | |
| 653 | _aNOVELA HISTORICA | ||
| 655 | _aLITERATURA | ||
| 700 | 1 |
_aBayer, Osvaldo _eprologuista |
|
| 700 | 1 |
_aNevares, Jaime de _ecolaborador |
|
| 942 | _cBK | ||
| 998 | _cMARTIN | ||
| 999 |
_c7897 _d7897 |
||